| 000 | 00578nam a2200181Ia 4500 | ||
|---|---|---|---|
| 003 | IN-BaIIA | ||
| 008 | 211028s9999 xx 000 0 eng d | ||
| 020 | _a0-7167-1495-7 | ||
| 040 | _cIIA Library | ||
| 080 |
_a52 _bCUL |
||
| 100 |
_aCulver, R B _913956 |
||
| 245 | 3 |
_aAn introduction to experimental astronomy _ban observational workbook _cR. B. Culver |
|
| 260 |
_aNew York _bW. H. Freeman _c1984 |
||
| 300 | _a196p. | ||
| 650 | _aAstronomy and Astrophysics Thesaurus | ||
| 650 |
_aExperimental astronomy _913957 |
||
| 942 | _cBK | ||
| 999 |
_c8322 _d8322 |
||